000 00501nam a2200181Ia 4500
003 OSt
005 20250814094422.0
008 210210b1953 xxu||||| |||| 00| 0 eng d
040 _cAL
041 _akan
082 _a859/1173
100 _aBABURAV BOLARA
_9146376
_dಬೋಳಾರ ಬಾಬುರಾಗ್.
245 _aVagdevi:
_bವಾಗ್ದೇವಿ
260 _aMangaluru
_bKannada Prapancha Prakashana
_c1953
690 _aKannada Fiction
_9146377
906 _a021917
942 _2ddc
_cBK
999 _c146023
_d146023